000 00372nam a2200145Ia 4500
008 210716s2000 xx 000 0 und d
020 _a8126501405
041 _aeng
082 _a005.133 GOOD
100 _aGookin, Dan.
245 _aC: for dummies.
_bFor dummies.
260 _aNew Delhi
_bIDG Books India (P) Ltd
_c2000
300 _axii,559
650 _aC Programming
999 _c184146
_d184146